<?xml version='1.0' encoding='UTF-8'?>
  <record xmlns="http://www.loc.gov/MARC21/slim">
    <leader>00000cem a2200000 i 4500</leader>
    <controlfield tag="001">ocn968241232</controlfield>
    <controlfield tag="003">OCoLC</controlfield>
    <controlfield tag="005">20240225095300.9</controlfield>
    <controlfield tag="007">aj cauun</controlfield>
    <controlfield tag="008">170113s1629    ne        g     0   lat d</controlfield>
    <datafield tag="040" ind1=" " ind2=" ">
      <subfield code="a">QGJ</subfield>
      <subfield code="b">dut</subfield>
      <subfield code="c">QGJ</subfield>
      <subfield code="d">OCLCL</subfield>
      <subfield code="d">OCLCQ</subfield>
    </datafield>
    <datafield tag="034" ind1="1" ind2=" ">
      <subfield code="a">a</subfield>
      <subfield code="b">100000</subfield>
    </datafield>
    <datafield tag="035" ind1=" " ind2=" ">
      <subfield code="a">(OCoLC)968241232</subfield>
    </datafield>
    <datafield tag="245" ind1="0" ind2="0">
      <subfield code="a">Rhinolandiae, Amstelandiae, et circumjacent. aliquot territoriorũ, accurata desc. /</subfield>
      <subfield code="c">Auct. Balthazaro Flor. a Berckenrode.</subfield>
    </datafield>
    <datafield tag="255" ind1=" " ind2=" ">
      <subfield code="a">Schaal [ca. 1:100.000]</subfield>
      <subfield code="c">(O 3°50'--O 5°05'/N 52°30'--N 52°00').</subfield>
    </datafield>
    <datafield tag="260" ind1=" " ind2=" ">
      <subfield code="a">Amstelodami :</subfield>
      <subfield code="b">Sumptibus Henrici Hondii,</subfield>
      <subfield code="c">Anno 1629.</subfield>
    </datafield>
    <datafield tag="300" ind1=" " ind2=" ">
      <subfield code="a">1 kaart :</subfield>
      <subfield code="b">kopergravure ;</subfield>
      <subfield code="c">44,5 x 54,5 cm.</subfield>
    </datafield>
    <datafield tag="336" ind1=" " ind2=" ">
      <subfield code="a">cartografische afbeelding</subfield>
      <subfield code="b">cri</subfield>
      <subfield code="2">rdacontent/dut</subfield>
    </datafield>
    <datafield tag="337" ind1=" " ind2=" ">
      <subfield code="a">zonder medium</subfield>
      <subfield code="b">n</subfield>
      <subfield code="2">rdamedia/dut</subfield>
    </datafield>
    <datafield tag="338" ind1=" " ind2=" ">
      <subfield code="a">vel</subfield>
      <subfield code="b">nb</subfield>
      <subfield code="2">rdacarrier/dut</subfield>
    </datafield>
    <datafield tag="500" ind1=" " ind2=" ">
      <subfield code="a">Op het westen georienteerd; met windroos.</subfield>
    </datafield>
    <datafield tag="500" ind1=" " ind2=" ">
      <subfield code="a">Op verso, met signatuur gg: Tabula IV. Hollandiae.</subfield>
    </datafield>
    <datafield tag="507" ind1=" " ind2=" ">
      <subfield code="a">Schaalstok: Milliare Germanicũ commune.</subfield>
    </datafield>
    <datafield tag="510" ind1="4" ind2=" ">
      <subfield code="a">Van der Krogt, Koeman's Atlantes Neerlandici, dl.1,</subfield>
      <subfield code="c">p. 630 [3405:1.1; 1:401]</subfield>
    </datafield>
    <datafield tag="651" ind1=" " ind2="7">
      <subfield code="a">Rijnland (regio)</subfield>
      <subfield code="2">gtt</subfield>
      <subfield code="0">(NL-LeOCL)164051643</subfield>
    </datafield>
    <datafield tag="651" ind1=" " ind2="7">
      <subfield code="a">Amstelland.</subfield>
      <subfield code="2">gtt</subfield>
      <subfield code="0">(NL-LeOCL)095939180</subfield>
    </datafield>
    <datafield tag="655" ind1=" " ind2="7">
      <subfield code="a">Kaarten (vorm)</subfield>
      <subfield code="2">gtt</subfield>
      <subfield code="0">(NL-LeOCL)088143554</subfield>
    </datafield>
    <datafield tag="700" ind1="1" ind2=" ">
      <subfield code="a">Berckenrode, Balthasar Florisz. van,</subfield>
      <subfield code="d">ca. 1591-1646.</subfield>
      <subfield code="1">https://id.oclc.org/worldcat/entity/E39PBJhmJGF8TDtwxJydxTYXVC</subfield>
    </datafield>
    <datafield tag="710" ind1="0" ind2=" ">
      <subfield code="a">Hondius, Henricus (II, Amsterdam)</subfield>
      <subfield code="4">prt</subfield>
      <subfield code="0">(NL-LeOCL)077170784</subfield>
    </datafield>
    <datafield tag="787" ind1="0" ind2="8">
      <subfield code="i">Verschenen in:</subfield>
      <subfield code="t">Gerardi Mercatoris et I. Hondii, Atlas Novus, sive Descriptio Geographica Totius Orbis Terrarum [Latin edition in 3 volumes, 1638].</subfield>
    </datafield>
  </record>